000 00364 a2200109 4500
001 ART_47591
005 20260410161648.0
008 260409a
245 1 0 _a¿Cómo queda el régimen de factura electrónica para los monotributistas?
100 1 _aJanuszewski, Karina
773 0 _tConsultor tributario
_g- Año 12, N° 139 (sep. 2018)
_wREV474
999 _c13977
_d13977